| 000 | 00951nam a22002777a 4500 | ||
|---|---|---|---|
| 001 | BR7900758 | ||
| 003 | BR-BrBNA | ||
| 005 | 20230928085925.0 | ||
| 007 | ta | ||
| 008 | 230509b bl.||||| |||| 00| 0 por d | ||
| 040 |
_aBR-BrBNA _bpor _cBiblioteca Nacional de Agricultura |
||
| 041 | _a(Por) | ||
| 072 |
_aF00 _b0230 |
||
| 090 | _ 0230 BR7900758 | ||
| 100 | 1 | _aFurlani Neto, V.L. | |
| 110 | 1 | _aPrograma Nacional de Melhoramento da Cana-de-Acucar, Araras, SP (Brasil). Coordenadoria Regional Sul | |
| 245 | 1 |
_aInteracoes solo - planta - maquina no processo de colheita mecanizada da cana-de-acucar [Saccharum spp] _bSub-Projeto: Prestacao de Servicos as Novas Unidades Produtoras |
|
| 260 | 3 |
_aAraras, SP (Brasil): _c1978. |
|
| 300 | _a29 p. | ||
| 500 | _a14 tables; 4 graphs; 11 ref. | ||
| 650 | _aCOLHEITA MECANICA | ||
| 650 | _aCANA DE ACUCAR | ||
| 650 | _aIMPLEMENTO AGRICOLA | ||
| 909 |
_a202309 _bLucia _c55 _dLucia Elande |
||
| 942 | _cBK | ||
| 999 |
_c27025 _d27025 |
||